| 000 | 00804nas a2200265 4500 | ||
|---|---|---|---|
| 001 | BR0706232 | ||
| 003 | BR-BrBNA | ||
| 005 | 20231205111302.0 | ||
| 007 | ta | ||
| 008 | 230509b bl.|||p| |||| 00| 00por d | ||
| 040 |
_aBR-BrBNA _bpor _cBiblioteca Nacional de Agricultura |
||
| 041 | _a(Pt) | ||
| 072 | _aL70; L53 | ||
| 100 | 1 | _aAleixo, M.A. | |
| 100 | 1 | _aKozicki, L.E. | |
| 100 | 1 | _aWeiss, R.R. | |
| 100 | 1 | _aSegui, M.S. | |
| 100 | 1 | _aPercy Junior, R. | |
| 245 | 1 | _aA somatotropina recombinante bovina (bST)e a dinâmica folicular em bovinos leiteiros | |
| 650 | _aVACA LEITEIRA | ||
| 650 | _aULTRASONOGRAFIA | ||
| 773 | 0 |
_tArchives of Veterinary Science (Brazil) _xISSN 1517-784X _g(2005), v. 10(2) p. 20-27 _wBR0706232 |
|
| 909 |
_a202311 _bLúcia _c55 _dLúcia Elande |
||
| 942 |
_2AGRIS _n0 _cANA |
||
| 999 |
_c191827 _d191827 |
||